Statistics for Top 20 Aston Villa Goalscorers in the Premier League

Click here to take the quiz!

General Stats

  • This quiz has been taken 19 times
    (8 since last reset)
  • The average score is 7 of 20

Answer Stats

NPlayerNationalityGoals% Correct
3Ollie WatkinsEnglish48
83%
6Christian BentekeBelgian42
67%
17Darren BentEnglish21
67%
3Dion DublinEnglish48
67%
7Gareth BarryEnglish41
67%
5Juan Pablo AngelColombian44
67%
2Dwight YorkeTrinidadian60
50%
14Ian TaylorEnglish28
50%
12Ashley YoungEnglish31
33%
11Darius VassellEnglish35
33%
1Gabriel AgbonlahorEnglish74
33%
8Julian JoachimEnglish39
33%
16Dalian AtkinsonEnglish22
17%
9Dean SaundersWelsh38
17%
10John CarewNorwegian37
17%
15Lee HendrieEnglish27
17%
13Savo MilosevicSerbian29
17%
19Andi WeimannEnglish17
0%
20Douglas LuizBrazilian16
0%
18Paul MersonEnglish18
0%

Score Distribution

Percentile by Number Answered

Percent of People with Each Score

Your Score History

You have not taken this quiz since the last reset